000 00541nam a2200193Ia 4500
003 OSt
005 20220926035001.0
006 a|||||r|||| 00| 0
007 ta
008 220923b |||||||| |||| 00| 0 eng d
037 _cGeneral Book
040 _aRTL
_cRTL
_beng
041 _2eng
_aeng
082 _aX:53.2.N3, G6
100 _aAdarkar Bhaskar Namdeo
_9341613
245 0 _aIndian tariff policy with special reference to sug
942 _hX:53.2.N3, G6
_cGB
_2CC
999 _c660989
_d660989